Normal view
MARC view
Entry Topical Term
001 - CONTROL NUMBER
- control field: 8714
003 - CONTROL NUMBER IDENTIFIER
- control field: ARRUPE
005 - DATE AND TIME OF LATEST TRANSACTION
- control field: 20140218142003.0
008 - FIXED-LENGTH DATA ELEMENTS
- fixed length control field: 140218|| aca||aabn | a|a d
040 ## - CATALOGING SOURCE
- Original cataloging agency: ARRUPE
- Transcribing agency: ARRUPE
150 ## - HEADING--TOPICAL TERM
- Topical term or geographic name as entry element: Christian Church
- General subdivision: Aglican authors
670 ## - SOURCE DATA FOUND
- Source citation: Work cat.: (ARRUPE): Vanstone, W.H 8713, Fare Well in Christ / , 1997